00682nam a2200205Ia 4500003000900000008004100009020001800050040001600068080001900084245008400103260003500187300001500222490007000237650004100307650002600348650002400374650002500398700002700423700002600450IN-BaIIA211028s9999 xx 000 0 eng d a0-12-368848-5 cIIA Library a063:53bENF-48 0aPhysics of high energy densitybvol. 48cedited by P. Caldirola and H. Knoepfel aNew YorkbAcademic Pressc1971 axiv, 418p. aProceedings of the international school of physics "Enrico Fermi" aAstronomy and Astrophysics Thesaurus aHigh Energy Astronomy aHigh energy physics aNuclear Astrophysics aCaldirola, Piero., ed. aKnoepfel, Heinz., ed.